| 000 | 00697nam a2200193 a 4500 | ||
|---|---|---|---|
| 001 | 5068 | ||
| 003 | CDMR | ||
| 005 | 20130502162239.0 | ||
| 008 | 130130s1979||||||||||||||||||||||||||||d | ||
| 040 |
_aCDMR _bcat _cCDMR |
||
| 245 | 0 | 3 |
_aLa prensa libre en la nueva democracia española _b: conferencias y coloquios del simposio internacional de Barcelona, 14, 15 y 16 de diciembre de 1978 _cJaume Miravitlles y Josep C. Vergés, directores |
| 260 |
_aBarcelona _c1979 _bLlibertat i Democràcia Social |
||
| 300 | _a204 p. | ||
| 650 | 0 | 4 |
_91582 _aLlibertat d'impremta |
| 650 | 0 | 4 |
_91574 _aLlibertat d'informació |
| 700 | 1 |
_93303 _aMiravitlles, Jaume |
|
| 700 | 1 |
_92529 _aVergés, Josep |
|
| 942 |
_cMON _2udc |
||
| 999 |
_c5068 _d5068 |
||